| 000 | 00626nam a2200241Ia 4500 | ||
|---|---|---|---|
| 005 | 20250508164445.0 | ||
| 008 | 008 250505s9999 xx 000 0 eng d | ||
| 020 | _a0-13-830431-9 | ||
| 037 | _aTextual | ||
| 040 |
_aFEDL _beng _cFEDL |
||
| 041 |
_aeng _2eng |
||
| 084 |
_a301.56, MOR _qFEDL |
||
| 100 | _aMorrish Ivor | ||
| 245 | 0 | _aSociology of education : An introduction | |
| 250 | _a2 | ||
| 260 |
_aLondon, UK _bGeorge Allen and Unwin _c1978 |
||
| 300 | _a308p. | ||
| 365 |
_aGBP _b6.95 |
||
| 546 | _aMACESE | ||
| 650 | _aSociology | ||
| 942 |
_cTEXL _h301.56, MOR |
||
| 999 |
_c1389234 _d1389234 |
||